| 000 | 00621nam a2200193 a 4500 | ||
|---|---|---|---|
| 001 | 26907 | ||
| 005 | 20180713225525.0 | ||
| 008 | 140415d 000 0 eng d | ||
| 041 | _aeng | ||
| 082 |
_a628.162 _bCHE |
||
| 100 | 1 | _aCheremisinoff, Nicholas P.,. | |
| 245 | 1 | 0 |
_aWATER TREATMENT AND WASTE RECOVERY ADVANCED : _bTECHNOLOGY AND APPLICATIONS |
| 250 | _a1a ed. | ||
| 260 |
_a[s.l.] : _bPTR PRENTICE HALL, _c[s.f.] |
||
| 300 | _a310 | ||
| 490 | _aPROCESS AND CONTROL EQUIPMENT | ||
| 650 | 1 | 4 |
_aPURIFICACION DE AGUAS DE ALBAAL _xPURIFICACION DEL AGUA |
| 700 | 1 |
_aCHEREMISINOFF, PAUL N. _ecoaut. |
|
| 999 |
_c26907 _d26907 |
||